=LDR 00000nam 2200000 4500 =001 001108 =005 20250713113149 =035 ##$$a 0010-0725000991 =007 ta =008 250713################a##########0#ind## =020 ##$$a 978-623-472-406-6 =082 ##$$a 398.209 598 =084 ##$$a 398.209 598 RAT t =100 #$$a Rattana, Huy Chheng =245 1#$$a Tinggi dan Pendek /$c Huy Chheng Rattana =250 ##$$a Cetakan Pertama =260 ##$$a Jakarta Timur :$b Badan Pengembangan dan Pembinaan Bahasa,$c 2022 =300 ##$$a 28 hlm : $b ilus. ; $c 22,9 cm =650 #4$$a Literasi-Bahan Bacaan =600 #4$$a Cerita anak Indonesia - Terjemahan =856 ##$$a TBM AS SUHADA =990 ##$$a TBM202400999